000 00511ntaaa2200193 4500
003 01
005 20251027202446.0
008 0714s1973 ag 01
040 _aAR-BaBN
_bspa
_cAR-BaBN
_eaacr
_dRIC
082 _a266.0920 Ig4
100 _aIglesias, Margaret G.
245 _aMensajero al pueblo dorado
250 _a1 ed.
260 _aEl Paso :
_bCBP,
_c1970
300 _a64 p.
500 _aestudio misionero bautista - hay otro ejemplar en inglés
650 _aMisiones-Bautistas
_914781
942 _cBK
999 _c19595
_d19595